Sports Quiz

Random Sports or Baseball Quiz
Score 0/52 Timer 08:00
0 Plays Today
City Players % Correct
LA, 2019Mike Trout
87.8%
LA, 2014Mike Trout
87.8%
Chicago, 2016Kris Bryant
81%
LA, 1989Magic Johnson
78.4%
St Louis, 2000Marshall Faulk
78.1%
LA, 2019Cody Bellinger
77.7%
SF, 1989Joe Montana
77.2%
Boston, 1986Larry Bird
76%
Oakland, 2002Rich Gannon
74.4%
LA, 2014Clayton Kershaw
73.2%
Houston, 1994Hakeem Olajuwon
70.6%
LA, 1989Wayne Gretzky
70.1%
Houston, 1994Jeff Bagwell
66.2%
NY, 1956Mickey Mantle
64.4%
Chicago, 2016Patrick Kane
61.3%
Pittsburgh, 1978Terry Bradshaw
59.8%
Baltimore, 1964Johnny Unitas
53.3%
Baltimore, 1964Brooks Robinson
52.7%
NY, 1941Joe DiMaggio
52.7%
Oakland, 2002Miguel Tejada
51.2%
Boston, 1986Roger Clemens
48.1%
NY, 1936Lou Gehrig
48%
NY, 1954Willie Mays
44.7%
NY, 1955Yogi Berra
44.2%
NY, 1954Yogi Berra
44.2%
NY, 1951Yogi Berra
44.2%
City Players % Correct
Houston, 1979Earl Campbell
42%
Boston, 1958Bill Russell
38.4%
Philadelphia, 1960Wilt Chamberlain
37.7%
Chicago, 1959Ernie Banks
37.1%
Chicago, 1959Nellie Fox
34.6%
Boston, 1938Jimmie Foxx
30.3%
Philadelphia, 1932Jimmie Foxx
30.3%
SF, 1989Kevin Mitchell
28.2%
St Louis, 2000Chris Pronger
26.4%
Houston, 1979Moses Malone
23.9%
Pittsburgh, 1978Dave Parker
21.9%
NY, 1963YA Tittle
21.2%
Detroit, 1940Hank Greenberg
20.8%
NY, 1955Roy Campanella
16.7%
NY, 1951Roy Campanella
16.7%
NY, 1963Elston Howard
12.5%
Philadelphia, 1960Norm Van Brocklin
11.2%
NY, 1950Phil Rizzuto
11.1%
Philadelphia, 1932Chuck Klein
7.1%
NY, 1956Don Newcombe
6.1%
NY, 1936Carl Hubbell
5.5%
Boston, 1938Eddie Shore
5.4%
Boston, 1958Jackie Jensen
4.5%
NY, 1941Dolph Camilli
1.6%
Detroit, 1940Ebbie Goodfellow
1%
NY, 1950Chuck Rayner
0.8%

You're not logged in!

Compare scores with friends on all Sporcle quizzes.
OR
Log In

Sporcle TV

Today on Sporcle TV


Watch our educational content, quiz creation guides, and fun videos on Sporcle TV.

Show Comments

Extras

Top Quizzes Today


Score Distribution

Paid Content

Your Account Isn't Verified!

In order to create a playlist on Sporcle, you need to verify the email address you used during registration. Go to your Sporcle Settings to finish the process.

Report this User

Report this user for behavior that violates our Community Guidelines.

Details: